| 000 | 00469nam a2200169 a 4500 | ||
|---|---|---|---|
| 001 | 000023316 | ||
| 005 | 20200930022132.0 | ||
| 008 | 101202s1963 dr a 000 | spa d | ||
| 040 |
_aDO-SdBNP _bspa _cBNPHU |
||
| 082 |
_axxxxx _bI28c |
||
| 100 | 1 |
_aIlin, M. _948015 |
|
| 245 | 1 | 0 |
_aComo el hombre se hizo gigante / _cM. Ilin, E. Segal. |
| 250 | _a2a ed. | ||
| 260 |
_aSanto Domingo : _b[s.n.], _c1963. |
||
| 300 |
_a228 p. : _bil. ; _c19 cm. |
||
| 700 | 1 |
_aSegal, E. _948016 |
|
| 999 |
_c22813 _d22813 |
||